000 00590nam a22002057a 4500
003 NUST
005 20240307105712.0
008 240307b ||||| |||| 00| 0 eng d
020 _a9781119812241
038 _aMalang Jan
082 _a720.922
_bSTU
245 0 0 _aStufish:
_bEntertainment Architecture/
_cEdited by Ray Winkler and Neil Spiller
260 _aLondon:
_bWiley;
_c2021.
300 _a136p.:
_bill;
440 1 _aArchitectural design
_vv. 91, no. 06
_933235
650 _2Architectural design
700 1 _aWinkler,Ray
_9121959
700 1 _4Spiller,Neil
942 _2ddc
_cBK
999 _c608599
_d608599